000 00310nam a2200145Ia 4500
100 _aDavis/ Ralph
942 _cBK
654 _aWindows
245 _aWindows networking Collectivity guide
260 _bnone
_aWokingham
_c1993
082 _a4.6
_bDAV
300 _a562
546 _aENGLISH
999 _c18468
_d18468